000 01418nam a2200337 c 4500
003 BLK
005 20250723124623.0
008 180409b bul|||||r ||||||| ||bul||
010 _aKNG00109838000
020 _a954-597-007-4
_bиздат.: Фама
040 _aBLK
041 _aBUL
_cBUL
080 _aАнглийска литература
_b821.111
_x31
_z821.11131
100 1 _aДжеръм, Джеръм К.
_eпърви автор
_9270064
700 1 _aДжером, Джером Клапка
_e*
_9366381
700 1 _aХристофоров, Асен
_eпрев. от англ.
_9365085
139 _aДжером, Джером К.
_bД 51
245 1 0 _aТрима души в една лодка
_bБез да става дума за кучето
_cДжеръм К. Джеръм; * Джером Клапка Джером; прев. от англ. Асен Христофоров.
257 _aGBR
260 София
_bФама
_c2002
_fСофия : Унискорп
300 _a191 с.
_c20 см
380 _aX
490 1 _aКласика
500 _aОриг. загл. Three men in a boat (To Say Nothing of the Dog) В кн. авт. означен Джеръм К. Джеръм
852 _aЦб 217264
856 4 _qpdf
_u
856 4 _qpdf
_u
942 _cKNG
_n0
_010
944 _aCR
_c22.12.2003
_k30576
_lЦветомила Тодорова
944 _aED
_c16.07.2014
_k
999 _c104726
_d104726